| 000 | 00956nam a2200265Ia 4500 | ||
|---|---|---|---|
| 005 | 20220211113322.0 | ||
| 008 | 210716s2009 xx 000 0 und d | ||
| 020 | _a0070146802 | ||
| 040 | _cAIMIT LIBRARY | ||
| 041 | _aeng | ||
| 082 |
_a651.7 _211 _bLESR |
||
| 100 |
_aLesikar, Raymond V. _919217 |
||
| 245 |
_aBusiness communication : _bmaking connections in a digital world / _cBy Raymond V. Lesikar...[et al.] |
||
| 250 |
_a11th ed. _bSpecial Indian Edition |
||
| 260 |
_aNew Delhi : _bTata McGraw Hill Publishing Company Ltd , _c2009. |
||
| 300 |
_axxix, 737p. ; _c23.7 cm. |
||
| 650 |
_aBusiness Communication _919218 |
||
| 650 |
_aFundamentals of Business Writing _919219 |
||
| 650 |
_aBasic Patterns of Business Messages _919220 |
||
| 650 |
_aOthers Forms of Business Communication _919221 |
||
| 700 |
_aFlatley, Marie E. _919222 |
||
| 700 |
_aRentz, Kathryn _919223 |
||
| 700 |
_aPande, Neerja _919224 |
||
| 942 |
_2ddc _cBK _e11th _k651.7 LESR |
||
| 999 |
_c203540 _d203540 |
||